| 000 | 01114nam0a22002771 4500 | ||
|---|---|---|---|
| 001 | rc\1025162 | ||
| 005 | 20041129102743.3 | ||
| 035 | _a(NLR Aleph) 006189401 | ||
| 090 |
_a6150168 _c6150168 |
||
| 100 | _a20041129d1981 u |0rusy50 ca | ||
| 101 | 0 | _arus | |
| 102 | _aRU | ||
| 105 | _aa ||||||||| | ||
| 200 | 1 |
_aАвтоматизация математического моделирования теплоэнергетических установок _fЛ.С. Попырин, В.И. Самусев, В.В. Эпельштейн |
|
| 210 |
_aМ. _cНаука _d1981 |
||
| 215 |
_a236 с. _cил. _d20 |
||
| 300 | _aВ надзаг.: АН СССР, Сиб. отд-ние, Сиб. энерг. ин-т | ||
| 320 | _aБиблиогр.: с. 232-234 (61 назв.) | ||
| 700 | 1 |
_aПопырин _bЛ. С. _f1928- _gЛев Сергеевич |
|
| 701 | 1 |
_aСамусев _bВ. И. _gВалерий Иванович |
|
| 701 | 1 |
_aЭпельштейн _bВ. В. _gВячеслав Владимирович |
|
| 801 | 0 |
_aRU _bNLR _gpsbo |
|
| 801 | 1 |
_aRU _bELAR _2rusmarc |
|
| 852 |
_aNLR _j81-5/6296 |
||
| 942 | _cBOOK | ||
| 980 | _aNB | ||